000 01099cam a2200349 a 4500
001 22679
003 SK-KTurca
005 20260415151620.0
008 240318s2017 xo g 000 f slo
015 _aSNBA2017/08
020 _a9788055151533
_q(viaz.)
035 _aurn:nbn:sk:snk-am00e0cv
035 _aurn:nbn:sk:snk-am3iaf4
035 _a678579A9-49D0-4E7E-9D1F-9FD5E1FB4E02
040 _aTTKJF
_bslo
_cTTKJF
_dSNK
_eAACR2
041 1 _aslo
_heng
044 _axo
_cSK
072 7 _a821.111-3
_xAnglická próza, anglicky písaná
_2konspekt
080 _a821.111(415)-31
_22011
100 1 _aDonoghue, Emma,
_d1969-
_4aut
240 1 0 _aRoom
_lSlovensky
245 1 0 _aIzba
_cEmma Donoghuová ; preložil Jozef Kot
250 _a2. vyd.
260 _aBratislava
_bIkar
_c2017
300 _a305 s.
_c24 cm
500 _aPreložené z anglického originálu
655 7 _aírske romány (anglicky)
_2SNKPH
655 7 _aIrish fiction (English)
_2SNKPHeng
700 1 _aKot, Jozef,
_d1936-2022
_4trl
942 _2ddc
_cKLDO
_n0
999 _c22679
_d22679